| 000 | 00747nam a2200217 a 4500 | ||
|---|---|---|---|
| 001 | 000007539 | ||
| 005 | 20210616135553.0 | ||
| 008 | 090909s2001 dr ac r 000 0 spa d | ||
| 040 |
_aDO-SdBNP _bspa _cBNPHU |
||
| 082 |
_a796.83 _bN714me |
||
| 100 | 1 |
_aNina Gómez, Carlos _96492 |
|
| 245 | 1 | 3 |
_aLo mejor del boxeo moderno / _cCarlos Nina Gómez ; prólogo Chon Romero. |
| 260 |
_aSanto Domingo : _bI.C.S.A Impresos Computarizados, _c2001. |
||
| 300 |
_a230 p. : _bil., retrs ; _c21 cm. |
||
| 500 | _aIncluye datos biográficos del autor en la contracubierta. | ||
| 590 | _aInventariado, 2018/BT | ||
| 650 | 4 |
_aBoxeo _920931 |
|
| 650 | 4 |
_aBoxeadores _920932 |
|
| 700 | 1 |
_aRomero, Chon, _epról. _920933 |
|
| 910 | _aValidado. Control de calidad. EMS | ||
| 999 |
_c7320 _d7320 |
||